[Event "La Pobla de Lillet op 27th"]
[Site "La Pobla de Lillet"]
[Date "2017.??.??"]
[Round "8"]
[White "Guix Torres, David"]
[Black "Garcia, Rodrigo"]
[Result "1/2-1/2"]
[WhiteElo "2039"]
[BlackElo "1685"]
[PlyCount "30"]
[EventDate "2017.08.01"]
[EventType "swiss"]
[EventRounds "9"]
[EventCountry "ESP"]
[SourceTitle "CBM 179 Extra"]
[Source "ChessBase"]
[SourceDate "2017.08.23"]
[SourceVersion "1"]
[SourceVersionDate "2017.08.23"]
[SourceQuality "1"]

1. e4 c6 2. d4 d5 3. Nc3 dxe4 4. Nxe4 Bf5 5. Nc5 Nd7 6. Bd3 Bxd3 7. Nxd3 e6 8. Nf3 Ngf6 9. 0-0 Be7 10. c4 0-0 11. b3 Qa5 12. Bb2 Ba3 13. Bxa3 Qxa3 14. Qe2 Qa5 15. Rfd1 Rad8 1/2-1/2